000 00340nam a2200133 i 4500
001 bg
100 1 _aKAMBUROWSKI, J.
245 0 _aDrogi i przepływy ekstremalne w sieciach stochastycznych /
_cJ. Kamburowski.
260 _aWrocław,
_c1987.
040 _cBPK
041 _apol
942 _cKS
008 s pl f |000 0 pol
999 _c23817
_d23817
856 _uhttp://koha.tu.koszalin.pl/cgi-bin/koha/opac-detail.pl?biblionumber=23817
_yKatalog online BPK